| 000 | 00633nam a2200121Ia 4500 | ||
|---|---|---|---|
| 008 | 220620s9999||||xx |||||||||||||| ||und|| | ||
| 100 | _aThe, Anne-Mei | ||
| 245 | 0 |
_aIn Death's Waiting Room _bLiving and Dying with Dementia in a Multicultural Society |
|
| 546 | _aEnglish[eng] | ||
| 650 | _aculture and instituten||public administration||bestuurskunde||culture and institutions||sociology||sociologie | ||
| 856 | _uhttps://library.oapen.org/bitstream/20.500.12657/35223/1/340108.pdf||https://library.oapen.org/bitstream/20.500.12657/35223/1/340108.pdf||https://library.oapen.org/bitstream/20.500.12657/35223/1/340108.pdf | ||
| 942 | _cEB | ||
| 999 |
_c26991 _d26991 |
||